Dívka s jizvou /

Psychologická novela od českého autora, jehož životním tématem je holocaust, se i tentokrát odehrává v době 2. světové války.

Uloženo v:
Hlavní autor: Lustig, Arnošt, 1926-2011 (Autor)
Médium: E-kniha
Jazyk:Czech
Vydáno: Praha : Městská knihovna v Praze, 2026
Vydání:V MKP 1. elektronické vydání
Témata:
On-line přístup:Odkaz na plný text
Plný text
Plný text
Plný text
Obálka
Tagy:
Žádné tagy
LEADER 02597nam a2200433 i 4500
001 5225140
003 CZ-PrMKP
005 20260422122446.8
007 ta
008 260330s2026----xr-----go-----000-f-cze--
020 |a 978-80-274-4969-9  |q (online ;  |q pdf) 
020 |a 978-80-274-4968-2  |q (online ;  |q epub) 
020 |a 978-80-274-4970-5  |q (online ;  |q prc) 
040 |a ABG001  |b cze  |e rda 
072 7 |a 821.162.3-3  |x Česká próza  |2 Konspekt  |9 25 
080 |a 821.162.3-32  |2 MRF 
080 |a 329.17-055.2  |2 MRF 
080 |a (0:82-32)  |2 MRF 
100 1 |a Lustig, Arnošt,  |d 1926-2011  |7 jk01072683  |4 aut 
245 1 0 |a Dívka s jizvou /  |c Arnošt Lustig 
250 |a V MKP 1. elektronické vydání 
264 1 |a Praha :  |b Městská knihovna v Praze,  |c 2026 
300 |a 1 online zdroj (113 stran) ; 
336 |a text  |b txt  |2 rdacontent 
337 |a počítač  |b c  |2 rdamedia 
338 |a online zdroj  |b cr  |2 rdacarrier 
500 |a Jubilejní edice k 100. výročí narození Arnošta Lustiga 
520 2 |a Psychologická novela od českého autora, jehož životním tématem je holocaust, se i tentokrát odehrává v době 2. světové války.  |b Tentokrát je hlavní hrdinkou mladá dívka, vychovávaná v Pražském ústavu pro rasově čisté dívky. Sem se dostala po smrti svých rodičů, kteří zemřeli coby oběti teroru po atentátu na Heydricha. Jitka v sobě však snoubí nejen opuštěné a nešťastné dítě, ale také dospívající dívku, která touží po něčem nepopsatelném a zatím stále unikajícím. Edice Lustigových děl v elektronické podobě vznikla ve spolupráci s Prahou městem literatury v rámci projektu Nadačního fondu Arnošta Lustiga s názvem FestivAL100, jímž se oslavilo 100. výročí spisovatelova narození. Ke zpracování bylo zvoleno vždy poslední knižní vydání za autorova života, kde provedl definitivní úpravy textu. 
650 0 7 |a nacismus a ženy  |7 ph221979  |2 czenas 
650 0 9 |a Nazism and women  |2 eczenas 
655 7 |a české novely  |7 fd133969  |2 czenas 
655 9 |a Czech novellas  |2 eczenas 
710 2 |a Městská knihovna (Praha, Česko)  |7 kn20010709068  |4 pbl 
856 4 1 |u http://search.mlp.cz/searchMKP.jsp?action=sTitul&key=5225140  |y Odkaz na plný text 
856 4 1 |q epub  |u https://web2.mlp.cz/koweb/00/05/22/51/40/divka_s_jizvou.epub  |y Plný text 
856 4 1 |q pdf  |u https://web2.mlp.cz/koweb/00/05/22/51/40/divka_s_jizvou.pdf  |y Plný text 
856 4 1 |q prc  |u https://web2.mlp.cz/koweb/00/05/22/51/40/divka_s_jizvou.prc  |y Plný text 
856 4 1 |u https://web2.mlp.cz/koweb/00/05/22/51/40.jpg  |y Obálka 
910 |a ABG001